000 00525nam a22001817a 4500
999 _c41742
_d41742
003 OSt
005 20221111120001.0
008 221104b ||||| |||| 00| 0 eng d
020 _a9789380902012
040 _coclc
050 _a647.95068
_bROY/F
082 _a647.95068
_bROY/F
100 _99265
_aRoy, Anuradha
245 _aFood and beverage management /
_cAnuradha Roy
260 _aJaipur:
_bAadi Publications,
_c2010
300 _a335
942 _2ddc
_cBK
_h647.95068
_iROY/F
_k647.95068
_mROY/F